| 000 | 00982cam a2200277 a 4500 | ||
|---|---|---|---|
| 001 | 1326 | ||
| 005 | 20250307133004.0 | ||
| 020 | _a0152051708 | ||
| 040 |
_aDLC _cDLC _dDLC _beng |
||
| 050 | 0 | 0 |
_aPZ7.E749 _bHu 2004 |
| 082 | 0 | 0 |
_a[Fic] _222 |
| 100 | 1 |
_aEstes, Eleanor, _d1906-1988. |
|
| 245 | 1 | 4 |
_aThe hundred dresses / _cEleanor Estes ; illustrated by Louis Slobodkin. |
| 246 | 3 | _a100 dresses | |
| 260 |
_aNew York : _bScholastic, _c2004. |
||
| 300 |
_a79 pages : _bcolor illustrations ; _c21 cm |
||
| 505 | _aQ | ||
| 520 | _aIn winning a medal she is no longer there to receive, a tight-lipped little Polish girl teaches her classmates a lesson. Includes a note from the author's daughter, Helena Estes. | ||
| 521 | 1 |
_a870
_bLexile |
|
| 521 | 1 |
_aQ
_bRaz-Plus |
|
| 650 | 1 |
_aPolish Americans _vFiction. |
|
| 650 | 1 |
_aFriendship _vFiction. |
|
| 700 | 1 |
_aSlobodkin, Louis, _d1903-1975, _eillustrator |
|
| 906 |
_a7 _bcbc _corignew _d1 _eocip _f20 _gy-gencatlg |
||
| 942 |
_2ddc _cBK _n0 |
||
| 999 |
_c1326 _d1326 |
||